| 000 | 00674cam a2200145 4500500 | ||
|---|---|---|---|
| 005 | 20251228093423.0 | ||
| 041 | _afre | ||
| 042 | _adc | ||
| 100 | 1 | 0 |
_aLecerf, Anna _eauthor |
| 245 | 0 | 0 | _aOl´ga Evgen´evna KOŠELEVA Ljudi Sankt-Peterburgskogo ostrova Petrovskogo vremeni [Gens de l’île de Saint-Pétersbourg à l’époque de Pierre le Grand] Moscou : Ob´´edinennoe gumanitarnoe izdatel´stvo (OGI), 2004, 487 p., ill. |
| 260 | _c2005. | ||
| 500 | _a14 | ||
| 786 | 0 | _nCahiers du monde russe | Vol 46 | 4 | 2005-11-01 | p. 859c-990c | 1252-6576 | |
| 856 | 4 | 1 | _uhttps://shs.cairn.info/revue-cahiers-du-monde-russe-2005-4-page-859c?lang=fr&redirect-ssocas=7080 |
| 999 |
_c1604328 _d1604328 |
||